Obálka Náhled e-knihy:
Epub
Pro půjčování e-knih musíte být přihlášeni.
Jak si půjčit online?

Metoda Bullet Journal : zhodnoťte včerejšek, uspořádejte si dnešek a naplánujte zítřek /

Kniha se věnuje minimalistické efektivní metodě "Bullet Journal" (osoba, její tužka a zápisník), která pomáhá lidem proti přepracovanosti, pocitu vyhaslosti a zahlcení digitálním světem a technologiemi.

Uloženo v:
Hlavní autor: Carroll, Ryder (Autor)
Další autoři: Harrison Lipenská, Kateřina, 1983- (Autor)
Médium: E-kniha
Jazyk:Czech
Vydáno: V Brně : Jan Melvil Publishing, 2019
Vydání:Vydání první
Edice:Žádná velká věda
Témata:
Tagy:
Žádné tagy
LEADER 03788nam a2200757 i 4500
001 311056
003 CZ PrSKC
005 20260601215658.0
007 ta
008 190611s2019 xr a e f 001 0 cze
015 |a cnb003102078 
020 |a 9788075550736  |q (vázáno) :  |c Kč 399,00 
020 |a 978-80-7555-078-1  |q (s černým zápisníkem, verze 1 ;  |q vázáno) 
020 |a 978-80-7555-132-0  |q (s černým zápisníkem, verze 2 ;  |q vázáno) 
020 |a 978-80-7555-133-7  |q (s růžovým zápisníkem ;  |q vázáno) 
020 |a 978-80-7555-162-7  |q (s modrým zápisníkem ;  |q vázáno) 
020 |a 978-80-7555-194-8  |q (se zeleným zápisníkem, verze 2 ;  |q vázáno) 
020 |a 978-80-7555-249-5  |q (se žlutým zápisníkem ;  |q vázáno) 
035 |a (OCoLC)1111954749 
040 |a BOA001  |b cze  |e rda 
041 1 |a cze  |h eng 
072 7 |a 159.95  |x Vyšší duševní procesy  |2 Konspekt 
080 |a 686.81  |2 MRF 
080 |a 159.954  |2 MRF 
080 |a 331.103  |2 MRF 
080 |a 005.962.11  |2 MRF 
080 |a 005.51  |2 MRF 
080 |a 159.923.5  |2 MRF 
080 |a (035)  |2 MRF 
100 1 |a Carroll, Ryder  |7 mzk20191040241  |4 aut 
240 1 0 |a Bullet Journal method.  |l Česky 
245 1 0 |a Metoda Bullet Journal :  |b zhodnoťte včerejšek, uspořádejte si dnešek a naplánujte zítřek /  |c Ryder Carroll ; překlad Kateřina Harrison Lipenská 
250 |a Vydání první 
264 1 |a V Brně :  |b Jan Melvil Publishing,  |c 2019 
300 |a 310 stran :  |b barevné ilustrace ;  |c 21 cm 
336 |a text  |b txt  |2 rdacontent 
337 |a bez média  |b n  |2 rdamedia 
338 |a svazek  |b nc  |2 rdacarrier 
490 1 |a Žádná velká věda 
500 |a Přeloženo z angličtiny 
500 |a Obálkový podnázev: pero a papír: analogový systém do digitální doby 
500 |a Část nákladu distribuována s originálním zápisníkem Leuchtturm1917 Bullet Journal (zápisník v několika barevných verzích: růžová, černá, modrá, zelená, žlutá) 
504 |a Obsahuje bibliografické odkazy a rejstřík 
520 2 |a Kniha se věnuje minimalistické efektivní metodě "Bullet Journal" (osoba, její tužka a zápisník), která pomáhá lidem proti přepracovanosti, pocitu vyhaslosti a zahlcení digitálním světem a technologiemi.  |b Text se věnuje přípravě a symbolice zápisníku, samotnému rychlému zápisu ve spojitosti s využitím v praxi, vhodnými tématy a jeho uspořádáním, formou, členěním, plánováním úkolů, událostmi, seznamy, harmonogramy, denními a měsíčními přehledy, poznámkami i vlastní kreativitou. 
650 0 7 |a zápisníky  |7 ph1016590  |2 czenas 
650 0 7 |a kreativita  |7 ph121937  |2 czenas 
650 0 7 |a organizace práce  |7 ph123800  |2 czenas 
650 0 7 |a management času  |7 ph122602  |2 czenas 
650 0 7 |a plánování  |7 ph382380  |2 czenas 
650 0 7 |a sebezdokonalování  |7 ph116118  |2 czenas 
650 0 9 |a notebooks  |2 eczenas 
650 0 9 |a creative ability  |2 eczenas 
650 0 9 |a work design  |2 eczenas 
650 0 9 |a time management  |2 eczenas 
650 0 9 |a planning  |2 eczenas 
650 0 9 |a self-actualization  |2 eczenas 
653 0 |a Bullet Journal (metoda) 
655 7 |a příručky  |7 fd133209  |2 czenas 
655 9 |a handbooks and manuals  |2 eczenas 
700 1 |a Harrison Lipenská, Kateřina,  |d 1983-  |7 xx0130217  |4 trl 
830 0 |a Žádná velká věda 
900 |a ABA001  |b 20 
044 |a xr 
910 |a RBIT002 
998 |d 185339  |a https://core.palmknihy.cz/api/books/185339/cover?psohc1  |b https://core.palmknihy.cz/api/books/185339/cover/400?psohc1  |c https://core.palmknihy.cz/api/books/185339/cover/50?psohc1  |e   |g 320  |i 9788075550736  |j https://core.palmknihy.cz/api/books/185339/preview.epub  |l   |q 49  |r 1  |s https://www.palmknihy.cz/kniha/185339  |t ebook  |y 2019  |z 0 
999 |d 311054